[Event "DVM U20w 2020"]
[Site "Willingen GER"]
[Date "2021.06.25"]
[Round "3"]
[White "Pflugradt, Natalie"]
[Black "Wolterink, Jule"]
[Result "1-0"]
[Termination "normal"]
[Board "3.4"]
[WhiteElo "1539"]
[BlackElo "1441"]
[WhiteClock "00:09:51"]
[BlackClock "00:30:24"]
[WhiteTeam "Erfurter Schachklub"]
[BlackTeam "SK Nordhorn-Blanke"]
[PlyCount "88"]
[WhiteFideId "16212444"]
[BlackFideId "12981206"]
[EventCountry "GER"]
[EventRounds "7"]
[EventType "team-swiss"]
[EventDate "2021.06.23"]

1. e4 {[%clk 01:30:56]  [%emt 00:00:04]} 1... e6 { [%clk 01:30:51]  [%emt
00:00:10]} 2. d4 {[%clk 01:31:18]  [%emt 00:00:08]} 2... d5 {[%clk 01:31:11] 
[%emt 00:00:09]} 3. exd5 {[%clk 01:31:34]  [%emt 00:00:14] } 3... exd5 {[%clk
01:31:34]  [%emt 00:00:07]} 4. Bd3 { [%clk 01:31:49]  [%emt 00:00:15]} 4... Bd6
{[%clk 01:31:48]  [%emt 00:00:16]} 5. h3 {[%clk 01:31:46]  [%emt 00:00:33]}
5... Ne7 { [%clk 01:31:50]  [%emt 00:00:29]} 6. Nf3 {[%clk 01:31:39]  [%emt
00:00:36]} 6... Nbc6 {[%clk 01:31:25]  [%emt 00:00:55]} 7. c3 { [%clk 01:31:49]
 [%emt 00:00:20]} 7... Bf5 {[%clk 01:31:04]  [%emt 00:00:50]} 8. Bg5 {[%clk
01:28:29]  [%emt 00:03:51]} 8... f6 { [%clk 01:31:18]  [%emt 00:00:17]} 9. Be3
{[%clk 01:25:35]  [%emt 00:03:23]} 9... Qd7 {[%clk 01:30:44]  [%emt 00:01:03]}
10. Qc2 { [%clk 01:22:24]  [%emt 00:03:41]} 10... Bxd3 {[%clk 01:30:26]  [%emt
00:00:48]} 11. Qxd3 {[%clk 01:22:44]  [%emt 00:00:10]} 11... O-O-O { [%clk
01:30:49]  [%emt 00:00:07]} 12. Nbd2 {[%clk 01:22:09]  [%emt 00:01:04]} 12...
Rde8 {[%clk 01:23:53]  [%emt 00:07:26]} 13. O-O-O { [%clk 01:18:56]  [%emt
00:03:43]} 13... Nf5 {[%clk 01:19:23]  [%emt 00:05:00]} 14. Rhe1 {[%clk
01:14:15]  [%emt 00:05:11]} 14... h5 { [%clk 01:14:14]  [%emt 00:05:38]} 15.
Nb3 {[%clk 01:10:30]  [%emt 00:04:16]} 15... Nxe3 {[%clk 01:08:21]  [%emt
00:06:23]} 16. fxe3 { [%clk 01:08:49]  [%emt 00:02:11]} 16... g5 {[%clk
01:02:05]  [%emt 00:06:46]} 17. Nc5 {[%clk 01:07:27]  [%emt 00:01:53]} 17...
Qh7 { [%clk 00:55:43]  [%emt 00:06:50]} 18. Qb5 {[%clk 00:54:42]  [%emt
00:13:16]} 18... Bxc5 {[%clk 00:50:16]  [%emt 00:05:57]} 19. Qxc5 { [%clk
00:54:01]  [%emt 00:01:11]} 19... Qe4 {[%clk 00:48:59]  [%emt 00:01:48]} 20.
Re2 {[%clk 00:39:05]  [%emt 00:15:26]} 20... g4 { [%clk 00:38:12]  [%emt
00:11:16]} 21. Nh2 {[%clk 00:32:01]  [%emt 00:07:33]} 21... f5 {[%clk 00:31:20]
 [%emt 00:07:24]} 22. Qb5 { [%clk 00:22:08]  [%emt 00:10:22]} 22... gxh3 {[%clk
00:23:35]  [%emt 00:08:15]} 23. gxh3 {[%clk 00:20:13]  [%emt 00:02:25]} 23...
Rhg8 { [%clk 00:23:56]  [%emt 00:00:08]} 24. Nf1 {[%clk 00:15:52]  [%emt
00:04:52]} 24... f4 {[%clk 00:20:31]  [%emt 00:03:57]} 25. Qd3 { [%clk
00:12:15]  [%emt 00:04:06]} 25... Na5 {[%clk 00:13:19]  [%emt 00:07:42]} 26.
Qxe4 {[%clk 00:10:47]  [%emt 00:01:59]} 26... Rxe4 { [%clk 00:13:42]  [%emt
00:00:07]} 27. b3 {[%clk 00:11:03]  [%emt 00:00:15]} 27... Nc6 {[%clk 00:11:33]
 [%emt 00:02:38]} 28. Rde1 { [%clk 00:10:24]  [%emt 00:01:09]} 28... Rg1 {[%clk
00:10:55]  [%emt 00:01:08]} 29. Kd2 {[%clk 00:10:22]  [%emt 00:00:32]} 29...
fxe3+ { [%clk 00:05:27]  [%emt 00:05:58]} 30. Rxe3 {[%clk 00:10:34]  [%emt
00:00:18]} 30... Rg2+ {[%clk 00:05:08]  [%emt 00:00:50]} 31. R3e2 { [%clk
00:10:34]  [%emt 00:00:29]} 31... Rgxe2+ { [%clk 00:05:15]  [%emt 00:00:23]}
32. Rxe2 {[%clk 00:11:02]  [%emt 00:00:02]} 32... Rxe2+ {[%clk 00:05:43]  [%emt
00:00:02]} 33. Kxe2 { [%clk 00:11:30]  [%emt 00:00:02]} 33... Kd7 {[%clk
00:06:00]  [%emt 00:00:12]} 34. Ng3 {[%clk 00:11:48]  [%emt 00:00:12]} 34... h4
{ [%clk 00:05:54]  [%emt 00:00:37]} 35. Nf5 {[%clk 00:12:10]  [%emt 00:00:08]}
35... Ke6 {[%clk 00:05:39]  [%emt 00:00:45]} 36. Nxh4 { [%clk 00:12:27]  [%emt
00:00:14]} 36... Ne7 {[%clk 00:06:05]  [%emt 00:00:04]} 37. Ke3 {[%clk
00:11:58]  [%emt 00:00:58]} 37... Kf6 { [%clk 00:05:25]  [%emt 00:01:10]} 38.
Kf4 {[%clk 00:12:11]  [%emt 00:00:18]} 38... b6 {[%clk 00:04:21]  [%emt
00:01:34]} 39. b4 { [%clk 00:12:02]  [%emt 00:00:39]} 39... b5 {[%clk 00:04:17]
 [%emt 00:00:34]} 40. Ng2 {[%clk 00:10:54]  [%emt 00:01:39]} 40... Nc8 { [%clk
00:01:32]  [%emt 00:03:15]} 41. Ne3 {[%clk 00:10:49]  [%emt 00:00:34]} 41... c6
{[%clk 00:01:57]  [%emt 00:00:06]} 42. Ng4+ { [%clk 00:10:51]  [%emt 00:00:27]}
42... Ke6 {[%clk 00:01:53]  [%emt 00:00:34]} 43. h4 {[%clk 00:10:38]  [%emt
00:00:44]} 43... Nd6 { [%clk 00:00:35]  [%emt 00:01:48]} 44. h5 {[%clk
00:09:51]  [%emt 00:01:17]} 44... Nf7 {[%clk 00:30:24]  [%emt 00:00:40]} 1-0

[Event "DVM U20w 2020"]
[Site "Willingen GER"]
[Date "2021.06.25"]
[Round "3"]
[White "Doll, Rebecca"]
[Black "Ulrich, Helena Irene"]
[Result "1-0"]
[Termination "normal"]
[Board "4.1"]
[WhiteElo "1762"]
[BlackElo "1586"]
[WhiteClock "00:41:06"]
[BlackClock "00:01:19"]
[WhiteTeam "OSG Baden-Baden"]
[BlackTeam "SC Borussia Lichtenberg 1"]
[PlyCount "61"]
[WhiteFideId "16236890"]
[BlackFideId "16256000"]
[EventCountry "GER"]
[EventRounds "7"]
[EventType "team-swiss"]
[EventDate "2021.06.23"]

1. e4 {[%clk 01:30:56]  [%emt 00:00:03]} 1... c5 { [%clk 01:30:55]  [%emt
00:00:04]} 2. Nf3 {[%clk 01:31:22]  [%emt 00:00:04]} 2... Nc6 {[%clk 01:31:21] 
[%emt 00:00:04]} 3. d4 { [%clk 01:31:42]  [%emt 00:00:10]} 3... cxd4 {[%clk
01:31:45]  [%emt 00:00:06]} 4. Nxd4 {[%clk 01:32:08]  [%emt 00:00:05]} 4... Nf6
{ [%clk 01:32:09]  [%emt 00:00:06]} 5. Nc3 {[%clk 01:32:32]  [%emt 00:00:05]}
5... e5 {[%clk 01:32:34]  [%emt 00:00:05]} 6. Ndb5 { [%clk 01:32:58]  [%emt
00:00:05]} 6... d6 {[%clk 01:32:55]  [%emt 00:00:08]} 7. Bg5 {[%clk 01:32:59] 
[%emt 00:00:29]} 7... a6 { [%clk 01:33:17]  [%emt 00:00:08]} 8. Na3 {[%clk
01:33:24]  [%emt 00:00:05]} 8... b5 {[%clk 01:33:41]  [%emt 00:00:07]} 9. Nd5 {
[%clk 01:33:47]  [%emt 00:00:08]} 9... Be7 {[%clk 01:34:06]  [%emt 00:00:05]}
10. Bxf6 {[%clk 01:34:07]  [%emt 00:00:11]} 10... Bxf6 { [%clk 01:34:30]  [%emt
00:00:05]} 11. c4 {[%clk 01:34:31]  [%emt 00:00:05]} 11... O-O {[%clk 01:18:16]
 [%emt 00:16:44]} 12. cxb5 { [%clk 01:29:59]  [%emt 00:05:03]} 12... Nd4 {[%clk
01:18:10]  [%emt 00:00:36]} 13. bxa6 {[%clk 01:30:10]  [%emt 00:00:19]} 13...
Bxa6 { [%clk 01:18:10]  [%emt 00:00:30]} 14. Bxa6 {[%clk 01:29:55]  [%emt
00:00:45]} 14... Qa5+ {[%clk 01:18:23]  [%emt 00:00:17]} 15. b4 { [%clk
01:28:44]  [%emt 00:01:42]} 15... Qxa3 {[%clk 00:52:35]  [%emt 00:26:17]} 16.
Bd3 {[%clk 01:29:05]  [%emt 00:00:09]} 16... Bg5 { [%clk 00:22:33]  [%emt
00:30:31]} 17. O-O {[%clk 01:24:06]  [%emt 00:05:29]} 17... Rab8 {[%clk
00:18:55]  [%emt 00:04:09]} 18. Bc4 { [%clk 01:14:47]  [%emt 00:09:49]} 18...
Rfc8 {[%clk 00:15:08]  [%emt 00:04:17]} 19. Qd3 {[%clk 01:12:45]  [%emt
00:02:32]} 19... Qa4 { [%clk 00:14:33]  [%emt 00:01:06]} 20. f4 {[%clk
01:00:00]  [%emt 00:13:14]} 20... Qc2 {[%clk 00:08:41]  [%emt 00:06:22]} 21.
Rac1 { [%clk 00:56:53]  [%emt 00:03:37]} 21... Qxd3 {[%clk 00:09:00]  [%emt
00:00:12]} 22. Bxd3 {[%clk 00:57:19]  [%emt 00:00:04]} 22... Bd8 { [%clk
00:06:54]  [%emt 00:02:35]} 23. fxe5 {[%clk 00:55:41]  [%emt 00:02:08]} 23...
dxe5 {[%clk 00:07:19]  [%emt 00:00:06]} 24. Rxc8 { [%clk 00:50:38]  [%emt
00:05:33]} 24... Rxc8 {[%clk 00:07:44]  [%emt 00:00:05]} 25. Rb1 {[%clk
00:50:37]  [%emt 00:00:31]} 25... g6 { [%clk 00:06:37]  [%emt 00:01:37]} 26. a4
{[%clk 00:46:04]  [%emt 00:05:03]} 26... f5 {[%clk 00:04:46]  [%emt 00:02:21]}
27. Kf2 { [%clk 00:44:34]  [%emt 00:02:00]} 27... Kf7 {[%clk 00:02:37]  [%emt
00:02:40]} 28. a5 {[%clk 00:42:03]  [%emt 00:03:00]} 28... Ke6 { [%clk
00:02:25]  [%emt 00:00:43]} 29. a6 {[%clk 00:41:16]  [%emt 00:01:17]} 29... Ra8
{[%clk 00:01:37]  [%emt 00:01:17]} 30. b5 { [%clk 00:41:12]  [%emt 00:00:35]}
30... Kd6 {[%clk 00:01:19]  [%emt 00:00:49]} 31. b6 {[%clk 00:41:06]  [%emt
00:00:35]} 1-0

[Event "DVM U20w 2020"]
[Site "Willingen GER"]
[Date "2021.06.25"]
[Round "3"]
[White "Berghold, Lotta"]
[Black "Schneider, Katharina"]
[Result "1/2-1/2"]
[Termination "normal"]
[Board "4.2"]
[WhiteElo "1387"]
[BlackElo "1744"]
[WhiteClock "00:29:12"]
[BlackClock "00:16:48"]
[WhiteTeam "SC Borussia Lichtenberg 1"]
[BlackTeam "OSG Baden-Baden"]
[PlyCount "83"]
[WhiteFideId "16243463"]
[BlackFideId "16200519"]
[EventCountry "GER"]
[EventRounds "7"]
[EventType "team-swiss"]
[EventDate "2021.06.23"]

1. d4 {[%clk 01:30:52]  [%emt 00:00:09]} 1... d5 { [%clk 01:30:58]  [%emt
00:00:02]} 2. Nf3 {[%clk 01:31:17]  [%emt 00:00:04]} 2... e6 {[%clk 01:31:23] 
[%emt 00:00:05]} 3. e3 { [%clk 01:31:44]  [%emt 00:00:03]} 3... c5 {[%clk
01:31:49]  [%emt 00:00:04]} 4. c3 {[%clk 01:32:07]  [%emt 00:00:07]} 4... Nc6 {
[%clk 01:32:15]  [%emt 00:00:04]} 5. Bd3 {[%clk 01:32:34]  [%emt 00:00:04]}
5... Nf6 {[%clk 01:32:38]  [%emt 00:00:07]} 6. Nbd2 { [%clk 01:32:59]  [%emt
00:00:04]} 6... Bd6 {[%clk 01:33:02]  [%emt 00:00:06]} 7. O-O {[%clk 01:33:25] 
[%emt 00:00:04]} 7... O-O { [%clk 01:33:27]  [%emt 00:00:06]} 8. dxc5 {[%clk
01:33:42]  [%emt 00:00:13]} 8... Bxc5 {[%clk 01:33:51]  [%emt 00:00:06]} 9. e4
{ [%clk 01:33:48]  [%emt 00:00:24]} 9... Bb6 {[%clk 01:34:09]  [%emt 00:00:11]}
10. exd5 {[%clk 01:23:19]  [%emt 00:10:59]} 10... Nxd5 { [%clk 01:33:46]  [%emt
00:00:53]} 11. Nc4 {[%clk 01:22:41]  [%emt 00:01:08]} 11... Bc7 {[%clk
01:33:37]  [%emt 00:00:39]} 12. Qe2 { [%clk 01:22:19]  [%emt 00:00:51]} 12...
f6 {[%clk 01:24:53]  [%emt 00:09:15]} 13. Rd1 {[%clk 01:17:11]  [%emt
00:05:38]} 13... Qe7 { [%clk 01:12:05]  [%emt 00:13:19]} 14. Be4 {[%clk
01:13:22]  [%emt 00:04:18]} 14... Rd8 {[%clk 01:07:11]  [%emt 00:05:26]} 15.
Bxd5 { [%clk 01:01:26]  [%emt 00:12:26]} 15... Rxd5 {[%clk 01:07:06]  [%emt
00:00:34]} 16. Rxd5 {[%clk 01:01:36]  [%emt 00:00:20]} 16... exd5 { [%clk
01:07:31]  [%emt 00:00:06]} 17. Qxe7 {[%clk 01:01:29]  [%emt 00:00:36]} 17...
Nxe7 {[%clk 01:07:56]  [%emt 00:00:05]} 18. Ne3 { [%clk 01:01:18]  [%emt
00:00:40]} 18... Be6 {[%clk 01:04:34]  [%emt 00:03:54]} 19. Nc2 {[%clk
01:00:49]  [%emt 00:00:58]} 19... Bf7 { [%clk 01:03:43]  [%emt 00:01:21]} 20.
Ncd4 {[%clk 00:59:07]  [%emt 00:02:11]} 20... a6 {[%clk 01:03:17]  [%emt
00:00:58]} 21. a4 { [%clk 00:57:59]  [%emt 00:01:37]} 21... Ng6 {[%clk
00:58:39]  [%emt 00:05:08]} 22. Bd2 {[%clk 00:53:44]  [%emt 00:04:45]} 22...
Re8 { [%clk 00:58:24]  [%emt 00:00:46]} 23. Rd1 {[%clk 00:49:03]  [%emt
00:05:12]} 23... Ne5 {[%clk 00:56:53]  [%emt 00:02:01]} 24. b3 { [%clk
00:46:44]  [%emt 00:02:48]} 24... Nxf3+ {[%clk 00:47:59]  [%emt 00:09:23] } 25.
Nxf3 {[%clk 00:45:35]  [%emt 00:01:38]} 25... g6 { [%clk 00:44:24]  [%emt
00:04:06]} 26. Be3 {[%clk 00:42:41]  [%emt 00:03:24]} 26... Kg7 {[%clk
00:43:26]  [%emt 00:01:28]} 27. Kf1 { [%clk 00:41:38]  [%emt 00:01:33]} 27...
h5 {[%clk 00:40:38]  [%emt 00:03:19]} 28. Bd4 {[%clk 00:40:36]  [%emt
00:01:31]} 28... Be5 { [%clk 00:39:15]  [%emt 00:01:53]} 29. Re1 {[%clk
00:34:00]  [%emt 00:07:07]} 29... Bf4 {[%clk 00:35:45]  [%emt 00:03:59]} 30.
Rxe8 { [%clk 00:32:12]  [%emt 00:02:17]} 30... Bxe8 {[%clk 00:33:53]  [%emt
00:02:22]} 31. g3 {[%clk 00:31:55]  [%emt 00:00:47]} 31... Bc1 { [%clk
00:33:23]  [%emt 00:01:01]} 32. Ke2 {[%clk 00:29:17]  [%emt 00:03:08]} 32...
Kf7 {[%clk 00:33:40]  [%emt 00:00:13]} 33. h4 { [%clk 00:25:04]  [%emt
00:04:42]} 33... Bd7 {[%clk 00:33:28]  [%emt 00:00:43]} 34. Ne1 {[%clk
00:23:02]  [%emt 00:02:32]} 34... b5 { [%clk 00:26:52]  [%emt 00:07:06]} 35. a5
{[%clk 00:20:58]  [%emt 00:02:34]} 35... Bf5 {[%clk 00:22:35]  [%emt 00:04:46]}
36. Nd3 { [%clk 00:19:23]  [%emt 00:02:06]} 36... Bxd3+ {[%clk 00:22:14]  [%emt
00:00:53] } 37. Kxd3 {[%clk 00:19:49]  [%emt 00:00:04]} 37... Ke6 { [%clk
00:22:36]  [%emt 00:00:07]} 38. b4 {[%clk 00:18:52]  [%emt 00:01:27]} 38... Bh6
{[%clk 00:21:30]  [%emt 00:01:36]} 39. Bb6 { [%clk 00:04:06]  [%emt 00:15:17]}
39... g5 {[%clk 00:16:36]  [%emt 00:05:23]} 40. Kd4 {[%clk 00:02:03]  [%emt
00:02:33]} 40... gxh4 { [%clk 00:16:41]  [%emt 00:00:25]} 41. gxh4 {[%clk
00:02:28]  [%emt 00:00:06]} 41... Bd2 {[%clk 00:16:48]  [%emt 00:00:23]} 42.
Kd3 { [%clk 00:29:12]  [%emt 00:03:46]} 1/2-1/2

[Event "DVM U20w 2020"]
[Site "Willingen GER"]
[Date "2021.06.25"]
[Round "3"]
[White "Schneider, Anna"]
[Black "Relógio Stauber, Anna"]
[Result "1-0"]
[Termination "normal"]
[Board "4.3"]
[WhiteElo "1714"]
[BlackElo "1229"]
[WhiteClock "00:03:19"]
[BlackClock "00:06:41"]
[WhiteTeam "OSG Baden-Baden"]
[BlackTeam "SC Borussia Lichtenberg 1"]
[PlyCount "119"]
[WhiteFideId "16200527"]
[BlackFideId "16255771"]
[EventCountry "GER"]
[EventRounds "7"]
[EventType "team-swiss"]
[EventDate "2021.06.23"]

1. e4 {[%clk 01:30:58]  [%emt 00:00:02]} 1... c6 { [%clk 01:30:55]  [%emt
00:00:04]} 2. c4 {[%clk 01:31:22]  [%emt 00:00:07]} 2... d5 {[%clk 01:31:18] 
[%emt 00:00:07]} 3. exd5 {[%clk 01:31:47]  [%emt 00:00:05] } 3... cxd5 {[%clk
01:31:40]  [%emt 00:00:08]} 4. cxd5 { [%clk 01:32:12]  [%emt 00:00:05]} 4...
Nf6 {[%clk 01:31:54]  [%emt 00:00:17]} 5. Nc3 {[%clk 01:32:36]  [%emt
00:00:06]} 5... Nxd5 { [%clk 01:31:50]  [%emt 00:00:34]} 6. Nf3 {[%clk
01:32:58]  [%emt 00:00:09]} 6... Nc6 {[%clk 01:31:33]  [%emt 00:00:46]} 7. Bb5
{ [%clk 01:33:18]  [%emt 00:00:11]} 7... Nxc3 {[%clk 01:30:19]  [%emt
00:01:43]} 8. bxc3 {[%clk 01:32:58]  [%emt 00:00:50]} 8... Bd7 { [%clk
01:29:41]  [%emt 00:01:08]} 9. Qb3 {[%clk 01:28:32]  [%emt 00:04:56]} 9... e6
{[%clk 01:26:40]  [%emt 00:03:30]} 10. O-O { [%clk 01:26:36]  [%emt 00:02:26]}
10... g6 {[%clk 01:22:46]  [%emt 00:04:24]} 11. d4 {[%clk 01:23:45]  [%emt
00:03:21]} 11... Bg7 { [%clk 01:21:06]  [%emt 00:02:10]} 12. Bg5 {[%clk
01:14:51]  [%emt 00:09:23]} 12... Qc7 {[%clk 01:16:34]  [%emt 00:05:01]} 13.
Rac1 { [%clk 01:08:44]  [%emt 00:06:38]} 13... O-O {[%clk 01:15:16]  [%emt
00:01:47]} 14. Rfe1 {[%clk 01:03:16]  [%emt 00:05:59]} 14... a6 { [%clk
01:11:13]  [%emt 00:04:33]} 15. Bd3 {[%clk 01:00:32]  [%emt 00:03:13]} 15... b5
{[%clk 01:08:02]  [%emt 00:03:41]} 16. Qb2 { [%clk 00:49:04]  [%emt 00:11:57]}
16... Qd6 {[%clk 01:02:53]  [%emt 00:05:40]} 17. Qd2 {[%clk 00:43:42]  [%emt
00:05:54]} 17... b4 { [%clk 00:56:41]  [%emt 00:06:41]} 18. Be4 {[%clk
00:37:50]  [%emt 00:06:23]} 18... bxc3 {[%clk 00:54:12]  [%emt 00:02:58]} 19.
Rxc3 { [%clk 00:35:42]  [%emt 00:02:38]} 19... Rac8 {[%clk 00:52:02]  [%emt
00:02:40]} 20. Rd1 {[%clk 00:28:21]  [%emt 00:07:52]} 20... Nb4 { [%clk
00:41:26]  [%emt 00:11:06]} 21. Rxc8 {[%clk 00:26:27]  [%emt 00:02:24]} 21...
Rxc8 {[%clk 00:41:17]  [%emt 00:00:38]} 22. Bh6 { [%clk 00:25:07]  [%emt
00:01:51]} 22... Bxh6 {[%clk 00:39:01]  [%emt 00:02:45]} 23. Qxh6 {[%clk
00:24:53]  [%emt 00:00:45]} 23... f5 { [%clk 00:34:12]  [%emt 00:05:19]} 24.
Ng5 {[%clk 00:21:59]  [%emt 00:03:23]} 24... Qe7 {[%clk 00:34:00]  [%emt
00:00:41]} 25. Bb1 { [%clk 00:21:50]  [%emt 00:00:40]} 25... Nd5 {[%clk
00:31:36]  [%emt 00:02:53]} 26. Bd3 {[%clk 00:18:55]  [%emt 00:03:24]} 26...
Bb5 { [%clk 00:29:17]  [%emt 00:02:49]} 27. Bxb5 {[%clk 00:18:26]  [%emt
00:00:59]} 27... axb5 {[%clk 00:29:39]  [%emt 00:00:08]} 28. h3 { [%clk
00:17:29]  [%emt 00:01:27]} 28... Rc6 {[%clk 00:27:54]  [%emt 00:02:15]} 29.
Nf3 {[%clk 00:16:24]  [%emt 00:01:36]} 29... Qg7 { [%clk 00:24:53]  [%emt
00:03:30]} 30. Qg5 {[%clk 00:14:37]  [%emt 00:02:17]} 30... Qe7 {[%clk
00:23:58]  [%emt 00:01:25]} 31. Qxe7 { [%clk 00:14:30]  [%emt 00:00:36]} 31...
Nxe7 {[%clk 00:24:21]  [%emt 00:00:06]} 32. Rb1 {[%clk 00:14:45]  [%emt
00:00:16]} 32... Ra6 { [%clk 00:23:19]  [%emt 00:01:32]} 33. Rxb5 {[%clk
00:14:54]  [%emt 00:00:21]} 33... Rxa2 {[%clk 00:23:39]  [%emt 00:00:10]} 34.
Rb6 { [%clk 00:14:13]  [%emt 00:01:11]} 34... Re2 {[%clk 00:23:22]  [%emt
00:00:46]} 35. Ng5 {[%clk 00:14:01]  [%emt 00:00:43]} 35... e5 { [%clk
00:22:38]  [%emt 00:01:14]} 36. Re6 {[%clk 00:13:06]  [%emt 00:01:25]} 36... h6
{[%clk 00:21:06]  [%emt 00:02:03]} 37. Rxe7 { [%clk 00:10:59]  [%emt 00:02:36]}
37... hxg5 {[%clk 00:21:20]  [%emt 00:00:16]} 38. Rxe5 {[%clk 00:10:01]  [%emt
00:01:29]} 38... Rxe5 { [%clk 00:21:39]  [%emt 00:00:10]} 39. dxe5 {[%clk
00:10:17]  [%emt 00:00:14]} 39... Kf7 {[%clk 00:19:32]  [%emt 00:02:37]} 40. g3
{ [%clk 00:08:30]  [%emt 00:02:17]} 40... f4 {[%clk 00:15:16]  [%emt 00:04:46]}
41. gxf4 {[%clk 00:08:11]  [%emt 00:00:48]} 41... gxf4 { [%clk 00:15:25]  [%emt
00:00:21]} 42. Kg2 {[%clk 00:08:26]  [%emt 00:00:16]} 42... Ke6 {[%clk
00:12:15]  [%emt 00:03:40]} 43. Kf3 { [%clk 00:08:43]  [%emt 00:00:13]} 43...
Kxe5 {[%clk 00:12:33]  [%emt 00:00:12]} 44. Kg4 {[%clk 00:09:00]  [%emt
00:00:12]} 44... Ke4 { [%clk 00:10:48]  [%emt 00:02:16]} 45. h4 {[%clk
00:07:53]  [%emt 00:01:38]} 45... f3 {[%clk 00:09:10]  [%emt 00:02:08]} 46. Kg5
{ [%clk 00:07:05]  [%emt 00:01:17]} 46... Kd3 {[%clk 00:08:41]  [%emt
00:00:58]} 47. Kf4 {[%clk 00:06:41]  [%emt 00:00:55]} 47... Kd4 { [%clk
00:07:59]  [%emt 00:01:10]} 48. Kxf3 {[%clk 00:06:07]  [%emt 00:01:06]} 48...
Kd5 {[%clk 00:05:59]  [%emt 00:02:30]} 49. Kf4 { [%clk 00:05:48]  [%emt
00:00:49]} 49... Ke6 {[%clk 00:06:20]  [%emt 00:00:08]} 50. Kg5 {[%clk
00:03:19]  [%emt 00:03:00]} 50... Kf7 { [%clk 00:06:39]  [%emt 00:00:10]} 51.
h5 {[%clk 00:02:33]  [%emt 00:01:17]} 51... gxh5 {[%clk 00:06:56]  [%emt
00:00:13]} 52. Kxh5 { [%clk 00:02:56]  [%emt 00:00:07]} 52... Kf6 {[%clk
00:07:03]  [%emt 00:00:22]} 53. Kg4 {[%clk 00:02:36]  [%emt 00:00:51]} 53...
Ke6 { [%clk 00:06:06]  [%emt 00:01:27]} 54. Kg5 {[%clk 00:02:41]  [%emt
00:00:24]} 54... Ke5 {[%clk 00:05:31]  [%emt 00:01:05]} 55. f4+ { [%clk
00:02:14]  [%emt 00:00:57]} 55... Ke6 {[%clk 00:05:42]  [%emt 00:00:19]} 56.
Kg6 {[%clk 00:02:27]  [%emt 00:00:17]} 56... Ke7 { [%clk 00:06:00]  [%emt
00:00:11]} 57. f5 {[%clk 00:02:12]  [%emt 00:00:45]} 57... Kf8 {[%clk 00:06:05]
 [%emt 00:00:25]} 58. Kf6 { [%clk 00:02:35]  [%emt 00:00:08]} 58... Kg8 {[%clk
00:06:24]  [%emt 00:00:11]} 59. Ke7 {[%clk 00:02:59]  [%emt 00:00:06]} 59...
Kg7 { [%clk 00:06:41]  [%emt 00:00:13]} 60. f6+ {[%clk 00:03:19]  [%emt
00:00:10]} 1-0